Statystyki dla Miesiące po Hiszpańsku

Kliknij tutaj aby rozwiązać quiz!

Ogólne statystyki

  • Ten quiz został rozwiązany 176 razy
  • Średni wynik to 11 z 12

Statystyki odpowiedzi

Po PolskuPo Hiszpańsku% Poprawnych
StyczeńEnero
98%
KwiecieńAbril
95%
MarzecMarzo
95%
MajMayo
95%
LutyFebrero
93%
LiepiecJulio
93%
CzerwiecJunio
90%
PażdziernikOctubre
90%
ListopadNoviembre
88%
SierpieńAgosto
85%
WszyszieńSeptiembre
83%
GrudzieńDiciembre
80%

Rozkład punktacji

Percentyl według liczby udzielonych odpowiedzi

Procent ludzi z każdym wynikiem

Twoja historia wyników

Nie rozwiązałeś tego quizu